Ensayo sobre el método mas idóneo para la formación del hombre de negocios (Record no. 67175)

MARC details
000 -LEADER
campo de control de longitud fija 01104nam a2200289 i 4500
001 - NÚMERO DE CONTROL
campo de control 67175
003 - IDENTIFICADOR DE NÚMERO DE CONTROL
campo de control ES-MaACL
005 - FECHA Y HORA DE LA ÚLTIMA TRANSACCIÓN
campo de control 20230906170003.0
007 - CAMPO FIJO DE DESCRIPCIÓN FÍSICA--INFORMACIÓN GENERAL
campo de control de longitud fija t|
008 - DATOS DE LONGITUD FIJA--INFORMACIÓN GENERAL
campo de control de longitud fija 040510s1993 sp ||||1| spa d
020 ## - NÚMERO INTERNACIONAL ESTÁNDAR DEL LIBRO
Número Internacional Estándar del Libro 84-7719-389-4
080 ## - NÚMERO DE LA CLASIFICACIÓN DECIMAL UNIVERSAL
Número de la Clasificación Decimal Universal 658.336(035.3)"17"
100 1# - ENTRADA PRINCIPAL--NOMBRE DE PERSONA
Nombre de persona Watts, Thomas.
9 (RLIN) 116212
245 10 - MENCIÓN DEL TÍTULO
Título Ensayo sobre el método mas idóneo para la formación del hombre de negocios
Resto del título : 1776 /
Mención de responsabilidad, etc. Thomas Watts ; introducción, J.J. Lanero ; traducción, J.C. Santoyo y S. Villoria.
260 ## - PUBLICACIÓN, DISTRIBUCIÓN, ETC.
Lugar de publicación, distribución, etc. León :
Nombre del editor, distribuidor, etc. Universidad,
Fecha de publicación, distribución, etc. 1993.
300 ## - DESCRIPCIÓN FÍSICA
Extensión 31, 44, 37 p. ;
Dimensiones 21 cm.
500 ## - NOTA GENERAL
Nota general Texto original inglés y traducción en español.
534 ## - NOTA SOBRE LA VERSIÓN ORIGINAL
Frase introductoria Reprod. facs. de la ed. de:
Publicación, distribución, etc. del original -- London : George Strahan ... [et al.], 1716.
650 14 - PUNTO DE ACCESO ADICIONAL DE MATERIA--TÉRMINO DE MATERIA
Término de materia o nombre geográfico como elemento de entrada Empresarios-
Subdivisión general Formación profesional-
Subdivisión de forma Obras anteriores a 1800.
9 (RLIN) 12207
655 #7 - TERMINO DE INDIZACIÓN--GENERO/FORMA
Fuente del término tgfbne
9 (RLIN) 226495
Datos o término principal de género/forma Facsímiles
700 1# - ENTRADA AGREGADA--NOMBRE PERSONAL
Nombre de persona Lanero, Juan José.
9 (RLIN) 69993
700 1# - ENTRADA AGREGADA--NOMBRE PERSONAL
Nombre de persona Santoyo, Julio-César.
9 (RLIN) 103544
700 1# - ENTRADA AGREGADA--NOMBRE PERSONAL
Nombre de persona Villoria, Secundino.
9 (RLIN) 115273
852 ## - LOCALIZACIÓN
Ubicación ES-MaACL
Número de control de estantería 2176-F-3
Sublocalización o colección R.129.698
942 ## - ELEMENTOS DE ENTRADA SECUNDARIOS (KOHA)
Fuente del sistema de clasificación o colocación Clasificación decimal universal
Holdings
Estatus retirado Estado de pérdida Estado de daño No para préstamo Colección Biblioteca de origen Biblioteca actual Ubicación en estantería Fecha de adquisición Fuente de adquisición Total de préstamos Signatura topográfica completa Código de barras Visto por última vez Precio de reemplazo Tipo de ítem Koha
        Colección de folletos Biblioteca del Ateneo de Madrid Biblioteca del Ateneo de Madrid Depósito folletos 17/01/2008     2176-F-3 1070350 23/02/2023 23/02/2023 Folleto